[Event "FIDE WCC Blitz Women 2019"]
[Site "Moscow"]
[Date "2019.12.29"]
[Round "7.39"]
[White "Mamedjarova, Turkan"]
[Black "Lysenko, Margarita"]
[Result "1-0"]
[WhiteElo "2273"]
[BlackElo "2188"]
[Annotator "NA"]
[PlyCount "69"]
[EventDate "2019.12.29"]
[EventType "swiss"]
[EventCountry "RUS"]
[SourceTitle "playchess.com"]
[Source "ChessBase"]
[SourceQuality "1"]

1. d4 Nf6 2. c4 e6 3. Nc3 Bb4 4. Qc2 d5 5. cxd5 Qxd5 6. Nf3 Qf5 7. Qb3 Nc6 8. e3 O-O 9. Be2 a5 10. O-O e5 11. d5 Ne7 12. e4 Qd7 13. Nxe5 Qd8 14. Bf3 c6 15. Bg5 cxd5 16. exd5 h6 17. Bxf6 gxf6 18. Nd3 Bd6 19. Qc4 Ng6 20. Rfe1 Bd7 21. Ne4 Bb8 22. Rac1 f5 23. Ng3 Ra6 24. Nc5 Rb6 25. Qd4 Bc8 26. Nd3 Rd6 27. Nh5 f6 28. Ndf4 Ne5 29. Bd1 Bd7 30. Rc3 Be8 31. Rg3+ Kh8 32. h3 Bc7 33. Qd2 Rd7 34. Ne6 Qe7 35. Qxh6+ 1-0

[Event "FIDE WCC Blitz Women 2019"]
[Site "Moscow"]
[Date "2019.12.29"]
[Round "7.40"]
[White "Potapova, Margarita"]
[Black "Shumilina, Alexandra"]
[Result "0-1"]
[WhiteElo "2259"]
[BlackElo "2139"]
[Annotator "NA"]
[PlyCount "136"]
[EventDate "2019.12.29"]
[EventType "swiss"]
[EventCountry "RUS"]
[SourceTitle "playchess.com"]
[Source "ChessBase"]
[SourceQuality "1"]

1. d4 d5 2. c4 c6 3. Nf3 Nf6 4. e3 a6 5. Nc3 b5 6. b3 Bg4 7. Qc2 Bxf3 8. gxf3 e6 9. f4 Bd6 10. c5 Bc7 11. Bd3 Nbd7 12. Bd2 O-O 13. Rg1 Re8 14. Ne2 Nf8 15. Ng3 g6 16. h4 h5 17. Be2 Ng4 18. Bxg4 hxg4 19. h5 f5 20. Rh1 g5 21. Nxf5 exf5 22. Qxf5 Qd7 23. Qxg5+ Qg7 24. Qf5 Nh7 25. Rg1 Qf7 26. Rxg4+ Kf8 27. Qg6 Qxg6 28. hxg6 Nf6 29. Rg2 Kg7 30. O-O-O Ne4 31. f3 Nxd2 32. Kxd2 Rh8 33. Kd3 Raf8 34. a4 b4 35. Rg5 Rf6 36. f5 Rh3 37. Ke2 Bd8 38. Rdg1 Rf8 39. f6+ Bxf6 40. Rf5 Rh6 41. e4 dxe4 42. fxe4 Bxd4 43. Rd1 Bf6 44. Rd7+ Kxg6 45. Rd6 Rh5 46. Rxh5 Kxh5 47. Rxc6 Bc3 48. Rxa6 Rc8 49. a5 Rxc5 50. Kd3 Kg5 51. Ra7 Kf6 52. a6 Ra5 53. Ra8 Ke6 54. a7 Kf7 55. Rc8 Rxa7 56. Rc5 Ke6 57. Rh5 Rd7+ 58. Ke3 Rd1 59. Rh6+ Ke7 60. Rh7+ Kf6 61. Rh6+ Kg5 62. Rb6 Rb1 63. Rb5+ Kf6 64. Rb6+ Ke7 65. Kd3 Rxb3 66. Kc4 Rb1 67. Kd5 Rd1+ 68. Kc5 Bd4+ 0-1

[Event "FIDE WCC Blitz Women 2019"]
[Site "Moscow"]
[Date "2019.12.29"]
[Round "7.41"]
[White "Osmak, Iulija"]
[Black "Yakimova, Mariya"]
[Result "0-1"]
[WhiteElo "2242"]
[BlackElo "2128"]
[Annotator "NA"]
[PlyCount "100"]
[EventDate "2019.12.29"]
[EventType "swiss"]
[EventCountry "RUS"]
[SourceTitle "playchess.com"]
[Source "ChessBase"]
[SourceQuality "1"]

1. b4 e5 2. Bb2 d6 3. e3 Nf6 4. Nf3 Be7 5. Be2 O-O 6. O-O a6 7. c4 Nc6 8. a3 Bf5 9. d4 exd4 10. Nxd4 Nxd4 11. Qxd4 Ne8 12. Nc3 Bf6 13. Qd2 Bg6 14. Bf3 c6 15. Rfd1 Qe7 16. a4 Rd8 17. b5 Qc7 18. Rac1 Be5 19. g3 Nf6 20. Bg2 Rfe8 21. Ba3 axb5 22. axb5 Qa5 23. Bb2 Qb4 24. bxc6 bxc6 25. Bxc6 Re7 26. Nd5 Nxd5 27. Bxd5 Qxb2 28. Qa5 Rc8 29. Qa6 Rec7 30. Qa5 Qb8 31. e4 Ra7 32. Qd2 Qb2 33. Rc2 Qb6 34. Kg2 Qc5 35. f4 Bf6 36. Qe2 h6 37. Qg4 Rb8 38. Rdd2 Kh8 39. h4 Qc8 40. f5 Bh7 41. Bxf7 Rxf7 42. Rxd6 Rfb7 43. Rdd2 Rb2 44. Qe2 Rxc2 45. Rxc2 Qc5 46. Kh3 Bg8 47. g4 Rb3+ 48. Kg2 Qe5 49. Kf1 Qg3 50. Qg2 Rb1+ 0-1

[Event "FIDE WCC Blitz Women 2019"]
[Site "Moscow"]
[Date "2019.12.29"]
[Round "7.42"]
[White "Tsogzolmaa, Nanjid"]
[Black "Strutinskaia, Galina"]
[Result "1-0"]
[WhiteElo "1775"]
[BlackElo "2227"]
[Annotator "NA"]
[PlyCount "141"]
[EventDate "2019.12.29"]
[EventType "swiss"]
[EventCountry "RUS"]
[SourceTitle "playchess.com"]
[Source "ChessBase"]
[SourceQuality "1"]

1. d4 Nf6 2. Nf3 e6 3. Bf4 c5 4. e3 Qb6 5. Na3 d5 6. Nb5 Na6 7. a4 Be7 8. Be2 O-O 9. O-O Bd7 10. Ne5 Be8 11. c3 c4 12. h3 Ne4 13. f3 Nd6 14. Nxd6 Bxd6 15. Qc2 f6 16. Ng4 Bg6 17. Qc1 Be7 18. Bd1 Rac8 19. Bc2 Bxc2 20. Qxc2 Nb8 21. e4 Nc6 22. exd5 exd5 23. Rae1 Rfd8 24. Kh1 Bf8 25. Rf2 Na5 26. Rfe2 Qc6 27. Re6 Qd7 28. Rxf6 Re8 29. Rxe8 Rxe8 30. Rf5 Nb3 31. Rh5 h6 32. Rxh6 Re6 33. Qh7+ Kf7 34. Ne5+ Rxe5 35. Bxe5 Ke8 36. Qg6+ Kd8 37. Rh8 Qe8 38. Qd6+ Bxd6 39. Rxe8+ Kxe8 40. Bxd6 Nc1 41. Kh2 Nd3 42. Ba3 Kf7 43. h4 Kg6 44. g4 Ne1 45. Kg3 a6 46. h5+ Kf7 47. f4 b5 48. axb5 axb5 49. g5 Nd3 50. Kg4 Nf2+ 51. Kf5 Ne4 52. g6+ Kg8 53. Ke5 Nf6 54. Be7 Nxh5 55. Bg5 Ng3 56. Kxd5 Nf5 57. Kc5 Ne3 58. Kxb5 Kf8 59. Kc5 Ke8 60. d5 Kd7 61. Kd4 Nd1 62. Kxc4 Nxb2+ 63. Kd4 Nd1 64. c4 Nf2 65. c5 Nd1 66. f5 Nf2 67. c6+ Kc8 68. d6 Ng4 69. d7+ Kc7 70. d8=Q+ Kxc6 71. Qd5+ 1-0

[Event "FIDE WCC Blitz Women 2019"]
[Site "Moscow"]
[Date "2019.12.29"]
[Round "7.43"]
[White "Song, Yuxin"]
[Black "Dordzhieva, Dinara"]
[Result "0-1"]
[WhiteElo "2128"]
[BlackElo "2222"]
[Annotator "NA"]
[PlyCount "134"]
[EventDate "2019.12.29"]
[EventType "swiss"]
[EventCountry "RUS"]
[SourceTitle "playchess.com"]
[Source "ChessBase"]
[SourceQuality "1"]

1. e4 c5 2. Nf3 e6 3. d4 cxd4 4. Nxd4 Nf6 5. Nc3 d6 6. Be2 a6 7. O-O Be7 8. Be3 Nc6 9. f4 O-O 10. a4 Qc7 11. Kh1 Nxd4 12. Bxd4 e5 13. Be3 exf4 14. Bxf4 Be6 15. Qe1 Nd7 16. Qg3 Ne5 17. Rad1 Rfe8 18. Rd2 Bf8 19. Bxe5 dxe5 20. Nd5 Bxd5 21. exd5 Bd6 22. Qg4 g6 23. Qc4 Qe7 24. Qg4 e4 25. g3 Kh8 26. c3 f5 27. Qh3 Qe5 28. Qg2 Rad8 29. Rfd1 Kg7 30. Bc4 Rf8 31. Rf1 Rde8 32. Re2 e3 33. Bd3 f4 34. g4 Re7 35. Qf3 Rd8 36. Kg2 Bb8 37. c4 Qd4 38. Rd1 Qe5 39. Rf1 a5 40. h3 b6 41. Rd1 Bd6 42. Rf1 Rf8 43. Kh1 Bc5 44. Kg2 Bd4 45. b3 Bc5 46. Rc1 Ba3 47. Rd1 Bc5 48. Rc1 Bd6 49. Kh1 Qd4 50. Rd1 Qc3 51. Bc2 Qe5 52. Kg2 Rh8 53. Bd3 h5 54. Rh1 hxg4 55. hxg4 Rxh1 56. Kxh1 Re8 57. Rh2 Qa1+ 58. Bf1 Rh8 59. Rxh8 Kxh8 60. Qe2 Kg7 61. Kg2 Qb1 62. Qd3 Qe1 63. Qe2 Qg3+ 64. Kh1 f3 65. Qb2+ Be5 66. Qc2 e2 67. Bxe2 Qh2# 0-1

[Event "FIDE WCC Blitz Women 2019"]
[Site "Moscow"]
[Date "2019.12.29"]
[Round "7.44"]
[White "Belenkaya, Dina"]
[Black "Borisova, Ekaterina"]
[Result "0-1"]
[WhiteElo "2203"]
[BlackElo "2029"]
[Annotator "NA"]
[PlyCount "138"]
[EventDate "2019.12.29"]
[EventType "swiss"]
[EventCountry "RUS"]
[SourceTitle "playchess.com"]
[Source "ChessBase"]
[SourceQuality "1"]

1. e4 d6 2. d4 Nf6 3. Nc3 e5 4. Nf3 Nbd7 5. g3 Be7 6. Bg2 O-O 7. O-O c6 8. Re1 b5 9. a3 Qa5 10. Bd2 Qb6 11. dxe5 dxe5 12. Be3 Qc7 13. Nh4 Re8 14. Nf5 Bf8 15. Qe2 Nb6 16. b3 Bxf5 17. exf5 Rad8 18. Ne4 Nxe4 19. Bxe4 Nd5 20. Bd2 Nf6 21. Bc3 Bc5 22. b4 Bd4 23. Bxd4 exd4 24. Qd3 Ng4 25. Re2 Ne5 26. Qd2 Nc4 27. Qg5 f6 28. Qg4 Re7 29. Rae1 Rde8 30. h4 Ne5 31. Qf4 c5 32. h5 h6 33. Kg2 c4 34. Bd5+ Kh8 35. Qxd4 Qd7 36. Rd1 Qxf5 37. Qh4 Ng4 38. Bf3 Rxe2 39. Qxg4 Qxg4 40. Bxg4 Rxc2 41. Bd7 Rd8 42. Rd5 a6 43. Kf3 Rc3+ 44. Ke4 Rd3 45. Rxd3 cxd3 46. Bg4 d2 47. Bd1 Kg8 48. f3 Kf8 49. g4 Ke7 50. f4 Rd6 51. Ke3 f5 52. g5 hxg5 53. fxg5 Ke6 54. Kf4 Rd4+ 55. Ke3 Ke5 56. h6 gxh6 57. gxh6 Rh4 58. Kxd2 Kd4 59. Bc2 Ke5 60. a4 Rxh6 61. axb5 axb5 62. Bd3 Rh2+ 63. Kc3 Rh3 64. Kc2 Rh4 65. Bxb5 Rxb4 66. Bf1 Rd4 67. Kc3 Rd8 68. Bg2 Kf4 69. Bb7 Ke5 0-1

[Event "FIDE WCC Blitz Women 2019"]
[Site "Moscow"]
[Date "2019.12.29"]
[Round "7.45"]
[White "Tomilova, Elena"]
[Black "Ovezdurdiyeva, Jemal"]
[Result "0-1"]
[WhiteElo "2219"]
[BlackElo "1877"]
[Annotator "NA"]
[PlyCount "98"]
[EventDate "2019.12.29"]
[EventType "swiss"]
[EventCountry "RUS"]
[SourceTitle "playchess.com"]
[Source "ChessBase"]
[SourceQuality "1"]

1. d4 Nf6 2. Bg5 g6 3. Bxf6 exf6 4. e3 Bg7 5. g3 d5 6. Bg2 O-O 7. Nd2 Be6 8. Ne2 Nd7 9. O-O g5 10. c4 Nb6 11. c5 Nc8 12. f4 Ne7 13. Nc3 h6 14. h3 Qd7 15. Kh2 c6 16. g4 f5 17. fxg5 hxg5 18. gxf5 Nxf5 19. Re1 Nh4 20. Qe2 Qc7+ 21. Kg1 Qd7 22. Kh2 Rae8 23. Qh5 Qc7+ 24. Kg1 Qg3 25. Re2 Bxh3 26. Nf1 Qg4 27. Qxg4 Bxg4 28. Rf2 f5 29. Ne2 f4 30. exf4 Rxe2 31. Rxe2 Bxe2 32. Kf2 Bxd4+ 33. Kxe2 Nxg2 34. fxg5 Rf2+ 35. Kd3 Bxb2 36. Rb1 b6 37. cxb6 axb6 38. a4 c5 39. Nd2 Nf4+ 40. Kc2 Bd4 41. Kd1 c4 42. a5 bxa5 43. Rb8+ Kg7 44. Rb5 Bc3 45. Nb1 Bb4 46. Rb6 Nd3 47. g6 Rb2 48. Nc3 Bxc3 49. Rb7+ Rxb7 0-1

[Event "FIDE WCC Blitz Women 2019"]
[Site "Moscow"]
[Date "2019.12.29"]
[Round "7.46"]
[White "Danielian, Elina"]
[Black "Khokhlova, Daria"]
[Result "1/2-1/2"]
[WhiteElo "2341"]
[BlackElo "2109"]
[Annotator "NA"]
[PlyCount "98"]
[EventDate "2019.12.29"]
[EventType "swiss"]
[EventCountry "RUS"]
[SourceTitle "playchess.com"]
[Source "ChessBase"]
[SourceQuality "1"]

1. Nf3 Nf6 2. c4 g6 3. g3 Bg7 4. Bg2 O-O 5. O-O c5 6. d4 cxd4 7. Qxd4 Nc6 8. Qh4 Re8 9. Nc3 d6 10. Rd1 Bd7 11. Bd2 Qb6 12. Na4 Qa6 13. b3 b5 14. cxb5 Qxb5 15. Nc3 Qh5 16. Qxh5 Nxh5 17. Rac1 Rac8 18. a3 Nd4 19. Nxd4 Bxd4 20. e3 Bf6 21. Nd5 Bb2 22. Rxc8 Bxc8 23. a4 Bb7 24. e4 Nf6 25. Nxf6+ Bxf6 26. Be3 a6 27. f3 Rc8 28. Rc1 Rxc1+ 29. Bxc1 Kf8 30. Kf2 Ke8 31. Ke2 Kd7 32. Be3 d5 33. exd5 Bxd5 34. b4 Bc6 35. a5 Bc3 36. Bc5 Bb5+ 37. Ke3 e6 38. f4 f6 39. Be4 f5 40. Bf3 e5 41. fxe5 Bxe5 42. Bd4 Bxd4+ 43. Kxd4 Kd6 44. Bd5 h6 45. h4 g5 46. hxg5 hxg5 47. Bb7 f4 48. gxf4 gxf4 49. Ke4 Bc6+ 1/2-1/2

[Event "FIDE WCC Blitz Women 2019"]
[Site "Moscow"]
[Date "2019.12.29"]
[Round "7.47"]
[White "Kovanova, Baira"]
[Black "Komiagina, Maria"]
[Result "0-1"]
[WhiteElo "2218"]
[BlackElo "2106"]
[Annotator "NA"]
[PlyCount "96"]
[EventDate "2019.12.29"]
[EventType "swiss"]
[EventCountry "RUS"]
[SourceTitle "playchess.com"]
[Source "ChessBase"]
[SourceQuality "1"]

1. Nf3 Nf6 2. g3 c5 3. Bg2 Nc6 4. d3 d5 5. Nbd2 e5 6. e4 Be7 7. O-O O-O 8. exd5 Nxd5 9. Re1 f6 10. h3 Be6 11. c3 Qd7 12. Qe2 Bxh3 13. Bh1 Rad8 14. Ne4 Bg4 15. Qf1 b6 16. Qg2 Kh8 17. Nh2 Be6 18. Bd2 Nb8 19. Rad1 h6 20. Bc1 f5 21. Nd2 Bf6 22. Nhf3 Nc6 23. Nc4 Qc7 24. Nfxe5 Nxe5 25. Nxe5 Bxe5 26. d4 cxd4 27. cxd4 Bxg3 28. fxg3 Bf7 29. Qh3 Qd7 30. Bxh6 Kg8 31. Bg5 Rde8 32. Rf1 Be6 33. Qh4 Nf6 34. Rd2 Ne4 35. Rh2 Bc4 36. Re1 Qxd4+ 37. Kg2 Qxb2+ 38. Kh3 Nf2+ 39. Rxf2 Qxf2 40. Rc1 Be6 41. Rc6 f4+ 42. Rxe6 Rxe6 43. Bd5 Qf1+ 44. Kg4 Qd1+ 45. Bf3 Qd7 46. Kh5 Re3 47. Bd1 Qf7+ 48. Kg4 Rxg3+ 0-1

[Event "FIDE WCC Blitz Women 2019"]
[Site "Moscow"]
[Date "2019.12.29"]
[Round "7.48"]
[White "Mikhaylova, Irina"]
[Black "Paramzina, Anastasya"]
[Result "0-1"]
[WhiteElo "2090"]
[BlackElo "2203"]
[Annotator "NA"]
[PlyCount "93"]
[EventDate "2019.12.29"]
[EventType "swiss"]
[EventCountry "RUS"]
[SourceTitle "playchess.com"]
[Source "ChessBase"]
[SourceQuality "1"]

1. d4 Nf6 2. Nf3 g6 3. c4 Bg7 4. Nc3 O-O 5. e4 d6 6. Be2 e5 7. dxe5 dxe5 8. Qxd8 Rxd8 9. Bg5 Nbd7 10. O-O-O Rf8 11. Nd2 c6 12. b4 a5 13. a3 Re8 14. Kb2 Nf8 15. c5 Be6 16. Nc4 Bxc4 17. Bxc4 Ne6 18. Bxe6 Rxe6 19. f3 Ree8 20. Kb3 Nh5 21. Rd7 axb4 22. axb4 Rab8 23. Rhd1 b6 24. Rd8 bxc5 25. Rxe8+ Rxe8 26. bxc5 Bf8 27. Kc4 Ng7 28. Rd8 Re6 29. Bh6 f6 30. Na2 Kf7 31. Bxg7 Kxg7 32. Rd7+ Kh6 33. Nb4 f5 34. Rf7 Bg7 35. exf5 gxf5 36. Rxf5 e4 37. f4 e3 38. Nc2 e2 39. Ne1 Bb2 40. g4 Ba3 41. Rh5+ Kg7 42. f5 Re8 43. g5 Bc1 44. h4 Bd2 45. Nf3 Re3 46. f6+ Kg8 47. Nxd2 0-1

[Event "FIDE WCC Blitz Women 2019"]
[Site "Moscow"]
[Date "2019.12.29"]
[Round "7.49"]
[White "Protopopova, Anastasiya"]
[Black "Muetsch, Annmarie"]
[Result "1-0"]
[WhiteElo "2084"]
[BlackElo "2202"]
[Annotator "NA"]
[PlyCount "77"]
[EventDate "2019.12.29"]
[EventType "swiss"]
[EventCountry "RUS"]
[SourceTitle "playchess.com"]
[Source "ChessBase"]
[SourceQuality "1"]

1. d4 Nf6 2. c4 g6 3. Nc3 Bg7 4. e4 d6 5. Be2 O-O 6. Bg5 Na6 7. Qd2 c6 8. Nf3 e5 9. d5 Nc5 10. Qc2 h6 11. Be3 cxd5 12. cxd5 b6 13. b4 Nb7 14. Nd2 Ng4 15. Bxg4 Bxg4 16. O-O Rc8 17. Qb3 Bd7 18. a4 f5 19. f3 f4 20. Bf2 g5 21. Rfc1 g4 22. Nb5 a6 23. Na7 Rxc1+ 24. Rxc1 Qg5 25. Rc7 g3 26. Rxd7 gxf2+ 27. Kxf2 Qh4+ 28. Kg1 Qe1+ 29. Nf1 Nd8 30. Nc6 Nf7 31. Rb7 Ng5 32. Rxb6 Kh8 33. Ne7 Rg8 34. Nxg8 Kxg8 35. Rxd6 Bf8 36. Rd8 Nf7 37. d6 Qa1 38. Rd7 Qd4+ 39. Kh1 1-0

[Event "FIDE WCC Blitz Women 2019"]
[Site "Moscow"]
[Date "2019.12.29"]
[Round "7.50"]
[White "Serikbay, Assel"]
[Black "Lelekova, Olga"]
[Result "1-0"]
[WhiteElo "2028"]
[BlackElo "2176"]
[Annotator "NA"]
[PlyCount "85"]
[EventDate "2019.12.29"]
[EventType "swiss"]
[EventCountry "RUS"]
[SourceTitle "playchess.com"]
[Source "ChessBase"]
[SourceQuality "1"]

1. d4 Nf6 2. c4 g6 3. g3 Bg7 4. Bg2 O-O 5. Nf3 d6 6. O-O Nbd7 7. Nc3 e5 8. e4 c6 9. h3 Qc7 10. Re1 Re8 11. b3 a5 12. Bb2 exd4 13. Nxd4 Nc5 14. f4 Nh5 15. Kh2 Bd7 16. Bf3 Nf6 17. a3 Qb6 18. Rb1 Ne6 19. Na4 Qc7 20. Nc2 Rad8 21. Qe2 Re7 22. Rbd1 Ne8 23. e5 dxe5 24. fxe5 Ng5 25. Bg2 Bf5 26. Rxd8 Qxd8 27. Ne3 Be6 28. h4 b5 29. Nc5 Qb6 30. Bd4 Bxe5 31. Bxe5 Qxc5 32. Bf4 Bxc4 33. bxc4 Ne4 34. Bxe4 Rxe4 35. Qd3 Nf6 36. Qd8+ Kg7 37. Bg5 Nh5 38. Qd3 Rg4 39. Qc3+ Rd4 40. Nc2 Nf6 41. Qxd4 Qxd4 42. Nxd4 bxc4 43. Bxf6+ 1-0

[Event "FIDE WCC Blitz Women 2019"]
[Site "Moscow"]
[Date "2019.12.29"]
[Round "7.51"]
[White "Nosacheva, Mariya"]
[Black "Ovod, Evgenija"]
[Result "1-0"]
[WhiteElo "2062"]
[BlackElo "2163"]
[Annotator "NA"]
[PlyCount "93"]
[EventDate "2019.12.29"]
[EventType "swiss"]
[EventCountry "RUS"]
[SourceTitle "playchess.com"]
[Source "ChessBase"]
[SourceQuality "1"]

1. e4 e6 2. d4 d5 3. Nc3 Bb4 4. exd5 exd5 5. Bd3 Ne7 6. Qh5 Be6 7. Nge2 Nbc6 8. a3 Ba5 9. O-O Qd7 10. h3 O-O-O 11. Be3 g6 12. Qf3 Bf5 13. Nf4 Bxc3 14. bxc3 Na5 15. Rab1 Qd6 16. Rb5 b6 17. Bxf5+ gxf5 18. Nd3 Qxa3 19. Bg5 Nac6 20. c4 dxc4 21. Ne5 Qxf3 22. Nxf3 Rd5 23. Rbb1 Ng6 24. c3 Re8 25. g3 a5 26. Nd2 b5 27. Rb2 b4 28. Nxc4 bxc3 29. Ra2 Rxd4 30. Nxa5 Nxa5 31. Rxa5 f4 32. Bf6 Rc4 33. Ra8+ Kd7 34. Rd1+ Ke6 35. Rxe8+ Kxf6 36. Rc1 fxg3 37. fxg3 Ne5 38. Rf1+ Kg6 39. Rxe5 c2 40. Rc1 Rc3 41. Kg2 c5 42. Re2 h5 43. Rexc2 Re3 44. Rxc5 h4 45. gxh4 f5 46. Rf1 Kh5 47. Rfxf5+ 1-0

[Event "FIDE WCC Blitz Women 2019"]
[Site "Moscow"]
[Date "2019.12.29"]
[Round "7.52"]
[White "Munkhzul, Davaakhuu"]
[Black "Enkhtuul, Altan-Ulzii"]
[Result "0-1"]
[WhiteElo "1973"]
[BlackElo "2149"]
[Annotator "NA"]
[PlyCount "76"]
[EventDate "2019.12.29"]
[EventType "swiss"]
[EventCountry "RUS"]
[SourceTitle "playchess.com"]
[Source "ChessBase"]
[SourceQuality "1"]

1. e4 Nf6 2. e5 Nd5 3. c4 Nb6 4. d4 d6 5. f4 dxe5 6. fxe5 Nc6 7. Nf3 Bg4 8. Be2 e6 9. Be3 Bb4+ 10. Nc3 Bxf3 11. gxf3 Qh4+ 12. Bf2 Qh3 13. Qb3 O-O-O 14. O-O-O Qg2 15. Rhf1 Bxc3 16. Qxc3 Kb8 17. h4 Qh2 18. Kb1 f6 19. exf6 gxf6 20. d5 exd5 21. Bxb6 Qxe2 22. cxd5 axb6 23. Rfe1 Qb5 24. dxc6 Qxc6 25. Qb3 Rxd1+ 26. Rxd1 b5 27. Rc1 Qb6 28. Qf7 h5 29. Qg7 Rd8 30. Qg6 Qd4 31. Qxh5 Qd3+ 32. Ka1 Qd2 33. Qc5 c6 34. a3 Rd5 35. Qc2 Qf4 36. Qe4 Qxc1+ 37. Ka2 Qc4+ 38. Qxc4 bxc4 0-1

[Event "FIDE WCC Blitz Women 2019"]
[Site "Moscow"]
[Date "2019.12.29"]
[Round "7.53"]
[White "Semenova, Elena"]
[Black "Bogumil, Tatiana"]
[Result "1-0"]
[WhiteElo "2114"]
[BlackElo "1996"]
[Annotator "NA"]
[PlyCount "52"]
[EventDate "2019.12.29"]
[EventType "swiss"]
[EventCountry "RUS"]
[SourceTitle "playchess.com"]
[Source "ChessBase"]
[SourceQuality "1"]

1. e4 g6 2. d4 Bg7 3. Nc3 d6 4. f4 c6 5. Nf3 Nf6 6. e5 Nd5 7. Bc4 Nxc3 8. bxc3 d5 9. Bd3 Qa5 10. Bd2 Qc7 11. O-O Bg4 12. h3 Bxf3 13. Qxf3 e6 14. c4 dxc4 15. Bxc4 Bf8 16. Rab1 b5 17. Bd3 a5 18. Be4 Ra6 19. c3 Be7 20. Be3 Nd7 21. g4 f5 22. Bd3 a4 23. c4 bxc4 24. Bxc4 Ra8 25. Bxe6 Nb6 26. gxf5 gxf5 1-0

[Event "FIDE WCC Blitz Women 2019"]
[Site "Moscow"]
[Date "2019.12.29"]
[Round "7.54"]
[White "Antonova, Nadezhda"]
[Black "Dauletova, Gulmira"]
[Result "0-1"]
[WhiteElo "1914"]
[BlackElo "2112"]
[Annotator "NA"]
[PlyCount "86"]
[EventDate "2019.12.29"]
[EventType "swiss"]
[EventCountry "RUS"]
[SourceTitle "playchess.com"]
[Source "ChessBase"]
[SourceQuality "1"]

1. d4 d6 2. Nf3 g6 3. e4 Bg7 4. Bd3 Nd7 5. O-O e6 6. c4 Ne7 7. Nc3 a6 8. Be3 O-O 9. Qd2 e5 10. d5 c6 11. dxc6 Nxc6 12. Be2 Nc5 13. Rfd1 Ne6 14. Qxd6 Ned4 15. Qxd8 Rxd8 16. Bxd4 Nxd4 17. Nxd4 exd4 18. Nd5 Be6 19. Bd3 Kf8 20. Rac1 Rac8 21. b4 Bxd5 22. exd5 b6 23. Re1 Bf6 24. g3 Be7 25. a3 a5 26. bxa5 Bxa3 27. Ra1 Bb4 28. Reb1 bxa5 29. Ra4 Rc5 30. f3 Ke7 31. Kf2 Kd6 32. Ra2 Re8 33. Re2 Rb8 34. Ra1 Bc3 35. Raa2 Rb4 36. Rxa5 Rb6 37. Ra7 Rc7 38. Rxc7 Kxc7 39. Re7+ Kd6 40. Rxf7 Rb2+ 41. Be2 d3 42. Ke3 dxe2 43. Rf6+ Kc5 0-1

[Event "FIDE WCC Blitz Women 2019"]
[Site "Moscow"]
[Date "2019.12.29"]
[Round "7.55"]
[White "Agrest, Inna"]
[Black "Gvanceladze, Anna"]
[Result "1-0"]
[WhiteElo "2180"]
[BlackElo "2066"]
[Annotator "NA"]
[PlyCount "81"]
[EventDate "2019.12.29"]
[EventType "swiss"]
[EventCountry "RUS"]
[SourceTitle "playchess.com"]
[Source "ChessBase"]
[SourceQuality "1"]

1. e4 c6 2. d4 d5 3. f3 e6 4. Nc3 Bb4 5. Bf4 Nf6 6. Qd3 b6 7. Nge2 Ba6 8. Qe3 Nbd7 9. O-O-O O-O 10. g4 Rc8 11. e5 Ne8 12. h4 c5 13. Nb1 cxd4 14. Nxd4 Bxf1 15. Rhxf1 Qc7 16. Rf2 Bc5 17. Nc3 a6 18. Kb1 Bb4 19. Nce2 Qc4 20. g5 Nc7 21. Nc1 Nb5 22. Nxb5 Qxb5 23. Rg2 Bc5 24. Qe1 Ba3 25. Nb3 Bb4 26. Qe3 Rc4 27. h5 a5 28. Nd4 Qa6 29. Qd3 Nc5 30. Qe3 Na4 31. g6 fxg6 32. hxg6 Bc5 33. gxh7+ Kh8 34. Bh6 gxh6 35. Qxh6 Qb7 36. Qxf8+ Bxf8 37. Rh1 Qg7 38. Rxg7 Bxg7 39. Nxe6 Rb4 40. Nxg7 Rf4 41. Ne6 1-0

[Event "FIDE WCC Blitz Women 2019"]
[Site "Moscow"]
[Date "2019.12.29"]
[Round "7.56"]
[White "Zhuravleva, Olga"]
[Black "Shafigullina, Zarina"]
[Result "0-1"]
[WhiteElo "2127"]
[BlackElo "2052"]
[Annotator "NA"]
[PlyCount "40"]
[EventDate "2019.12.29"]
[EventType "swiss"]
[EventCountry "RUS"]
[SourceTitle "playchess.com"]
[Source "ChessBase"]
[SourceQuality "1"]

1. e4 c5 2. Nf3 Nc6 3. Nc3 Nf6 4. e5 Ng4 5. Qe2 Nh6 6. d4 cxd4 7. Nb5 Nf5 8. g4 Nh6 9. Bg5 Qa5+ 10. Bd2 Qb6 11. Nd6+ exd6 12. exd6+ Kd8 13. Bxh6 gxh6 14. Ne5 Qa5+ 15. Kd1 Qxe5 16. Qd3 Bxd6 17. Bg2 Re8 18. a3 Qf4 19. h3 Ne5 20. Qb5 Nf3 0-1

[Event "FIDE WCC Blitz Women 2019"]
[Site "Moscow"]
[Date "2019.12.29"]
[Round "7.57"]
[White "Geller, Anastasiya"]
[Black "Novikova, Anna"]
[Result "0-1"]
[WhiteElo "2073"]
[BlackElo "2045"]
[Annotator "NA"]
[PlyCount "98"]
[EventDate "2019.12.29"]
[EventType "swiss"]
[EventCountry "RUS"]
[SourceTitle "playchess.com"]
[Source "ChessBase"]
[SourceQuality "1"]

1. d4 d5 2. Bf4 e6 3. e3 Bd6 4. Bxd6 Qxd6 5. Nd2 Nf6 6. f4 O-O 7. Bd3 c5 8. c3 b6 9. Qf3 Ba6 10. Bxa6 Nxa6 11. Ne2 b5 12. g4 b4 13. O-O bxc3 14. bxc3 cxd4 15. cxd4 Rab8 16. g5 Nd7 17. Ng3 Rb2 18. Nb3 Rc8 19. Rf2 Rcc2 20. Rxc2 Rxc2 21. f5 e5 22. Rc1 Rxc1+ 23. Nxc1 Nb4 24. Qe2 e4 25. Nb3 Nd3 26. Qc2 Nf8 27. Qc8 Qb4 28. Kg2 Qe1 29. Qc2 Qxe3 30. h4 Qf3+ 31. Kh2 Ne1 32. Qe2 Qxe2+ 33. Nxe2 Nf3+ 34. Kg3 Nd7 35. Na5 Nb6 36. Nc6 a6 37. Nb4 a5 38. Nc6 a4 39. Nc3 Kf8 40. Na5 Nxd4 41. Nb7 Nc6 42. Nc5 a3 43. Nb5 Nc4 44. Nd7+ Ke7 45. Nc5 e3 46. Kf3 d4 47. Nb3 Nd2+ 48. Ke2 Nxb3 49. axb3 a2 0-1

[Event "FIDE WCC Blitz Women 2019"]
[Site "Moscow"]
[Date "2019.12.29"]
[Round "7.58"]
[White "Barchuk, Irina"]
[Black "Karavaeva, Olga"]
[Result "1-0"]
[WhiteElo "2047"]
[BlackElo "2174"]
[Annotator "NA"]
[PlyCount "72"]
[EventDate "2019.12.29"]
[EventType "swiss"]
[EventCountry "RUS"]
[SourceTitle "playchess.com"]
[Source "ChessBase"]
[SourceQuality "1"]

1. e4 c5 2. Nc3 e6 3. Nf3 Nc6 4. d4 cxd4 5. Nxd4 Nf6 6. Ndb5 d6 7. Bf4 e5 8. Bg5 a6 9. Na3 b5 10. Nd5 Be7 11. Bxf6 Bxf6 12. c4 b4 13. Nc2 a5 14. g3 O-O 15. Bg2 Bg5 16. O-O Bb7 17. Qd3 Ne7 18. Nde3 Bxe3 19. Nxe3 Qc7 20. b3 Kh8 21. Rad1 Rad8 22. f4 exf4 23. gxf4 Qc5 24. Kh1 f5 25. Nd5 Bxd5 26. exd5 Ng6 27. Rde1 h6 28. Re6 Kh7 29. Bh3 Kg8 30. Rxg6 Rde8 31. Rfg1 Rf7 32. Bxf5 Re3 33. Qc2 Kf8 34. Be6 Rxf4 35. Rxg7 Rxe6 36. dxe6 Ke8 1-0

[Event "FIDE WCC Blitz Women 2019"]
[Site "Moscow"]
[Date "2019.12.29"]
[Round "7.59"]
[White "Fatianova, Tatiana"]
[Black "Nilssen, Ellen Fredericia"]
[Result "0-1"]
[WhiteElo "2029"]
[BlackElo "2162"]
[Annotator "NA"]
[PlyCount "119"]
[EventDate "2019.12.29"]
[EventType "swiss"]
[EventCountry "RUS"]
[SourceTitle "playchess.com"]
[Source "ChessBase"]
[SourceQuality "1"]

1. e4 e6 2. Nf3 d5 3. exd5 exd5 4. d4 Bd6 5. c4 dxc4 6. Bxc4 Nf6 7. O-O O-O 8. Nc3 Nbd7 9. Bg5 Nb6 10. Be2 Bf5 11. Rc1 c6 12. Bd3 Bxd3 13. Qxd3 Be7 14. a4 Nbd5 15. Rfe1 Re8 16. Bh4 Qa5 17. Ne5 Rad8 18. Nc4 Qc7 19. Bg3 Qd7 20. Ne5 Qc8 21. h3 Bd6 22. Qc4 Qf5 23. Red1 Qh5 24. a5 a6 25. Re1 Bb4 26. Ra1 Qf5 27. Qb3 h5 28. Nf3 g6 29. Be5 Bd6 30. Qxb7 Nxc3 31. bxc3 Ne4 32. Qxc6 Bxe5 33. Nxe5 Qxf2+ 34. Kh2 Qg3+ 35. Kg1 Qf2+ 36. Kh2 Qg3+ 37. Kg1 Qf2+ 38. Kh2 Qf4+ 39. Kg1 Qf2+ 40. Kh2 Qg3+ 41. Kg1 Qf2+ 42. Kh1 Ng3+ 43. Kh2 Qf4 44. Kg1 Nf5 45. Rf1 Qe3+ 46. Kh2 Qg3+ 47. Kh1 Qe3 48. Kh2 Qg3+ 49. Kh1 Qe3 50. Rf3 Qg5 51. Qxa6 Ng3+ 52. Kh2 Nf5 53. Raf1 h4 54. Qb7 Rf8 55. Qc7 Kg7 56. Qc4 Rc8 57. Qd3 Ng3 58. R1f2 Rc7 59. a6 Qe7 60. Rxf7+ 0-1